Bomen, planten en bloemen met dieren - Statistieken

Algemene statistieken
  • Deze quiz is 50 keer genomen
  • De gemiddelde score is 7 van 20
Antwoordstatistieken
Foto Antwoord % Correct
Paardenbloem
91%
Paradijsvogelplant
56%
Lijsterbes
53%
Daslook
44%
Biggenkruid
41%
Koekoeksbloem
41%
Wolfsmelk
41%
Garnalenplant
35%
Vossenstaart
35%
Kattenkruid
32%
Ezelsoor
29%
Geitenbaard
29%
Hondsdraf
29%
Ossentong
29%
Vogelkers
29%
Koeienoog
26%
Mottenkruid
26%
Kivietsbloem
24%
Schildpaddenbloem
24%
Krokodillentranen
21%
Geen overeenkomende quizzen gevonden
Scoreverdeling
Procent van Mensen met Elke Score
Percentiel versus Aantal Correcte Antwoorden
Uw Scoregeschiedenis
U heeft deze quiz nog niet genomen